| 000 | 00553nam a22001937a 4500 | ||
|---|---|---|---|
| 010 | _a068390 | ||
| 035 | _a068390 | ||
| 037 | _bCen Lib / Ret | ||
| 040 |
_aDPL _bEn |
||
| 082 |
_a954.16 _bSEN |
||
| 100 | _aSen, Surendranath | ||
| 245 |
_aDeli and its mouments / _cby Surendranath Sen |
||
| 260 |
_aCalcutta _b A. Mukherjee _c1954 |
||
| 270 |
_aA. R. Mukherjee 2, College Square _bCalcutta |
||
| 300 |
_a47p ; _c24cm(Hb) |
||
| 650 | _aDelhi (India) -- Antiquities. | ||
| 650 | _aAntiquities. | ||
| 942 |
_2ddc _cEN _h954.16 _mSEN |
||
| 999 |
_c137093 _d137093 |
||